| 000 | 00568nam a22001937a 4500 | ||
|---|---|---|---|
| 005 | 20251108165959.0 | ||
| 008 | 250721s1977 xx 000 0 ara d | ||
| 082 | 1 | 4 | _aط/ق/عبا |
| 100 | 1 | _aعباس، مجدي | |
| 245 | 1 | 0 | _aصاحبة الكتان / |
| 264 | 1 |
_aالقاهرة : _bالسفير للطباعة و النشر، _c1977. |
|
| 300 | _a16ص | ||
| 490 | 0 | _aسلسلة أحباب الرحمن | |
| 650 | 1 | 7 | _aالقصص العربية |
| 650 | 1 | 7 | _aالأدب العربي |
| 650 | 1 | 7 | _aأدب الأطفال |
| 942 |
_2ddc _cBK |
||
| 999 |
_c36501 _d36501 |
||